000 00378nam a2200133Ia 4500
003 GCL
008 140319s9999 xx 000 0 ara d
040 _aGCL /
_cGCL
082 0 4 _aق
_b960.3
_bم ع
245 1 0 _aعبدالناصر والثورة الافريقية
260 _a[S.N] :
_bدار الوحدة للطباعة والنشر ،
_c1984
300 _a265 ص
490 _a
999 _c35370
_d35370